000
00297nam a2200109Ia 4500
008
200302s9999 xx 000 0 und d
100
_a
I .P. Gautam and Others
245
_a
Innovations in Design Ahmedabad bus rapidtransit system
260
_b
Maphin Publishing
260
_c
2014
300
_a
197 P.,
999
_c
4025
_d
4025